00353nam a2200133Ia 4500008004100000020001500041041001200056082002300068100002000091245004500111260002700156300001200183650002400195231217s9999 xx 000 0 und d a8131411588 aEnglish a658.1511 MAD;1 R aMadtha, C M ed. 0aCreative accounting : concepts and cases c2007bIcfaiaHyderabad axi, 233 aCreative,accounting